Most Popular Songs in USA 1/18/2025 - Statistics

General Stats
  • This quiz has been taken 13 times
  • The average score is 9 of 15
Answer Stats
Rank Artist (Version) Answer Streams Radio Airplay Sales % Correct
5. Rose, Bruno Mars APT. 19.6 Million 33.2 Million 6 Thousand
92%
3. Billie Eilish Birds Of A Feather 19 Million 52.4 Million 3 Thousand
92%
10. Sabrina Carpenter Espresso 12.4 Million 57 Million 1.5 Thousand
92%
14. Benson Boone Beautiful Things 12.9 Million 45.4 Million 2 Thousand
83%
1. Lady GaGa, Bruno Mars Die With A Smile 27.8 Million 61.4 Million 5.5 Thousand
83%
2. Shaboozey A Bar Song (Tipsy) 17.9 Million 67.1 Million 4.5 Thousand
67%
9. Post Malone, Morgan Wallen I Had Some Help 15.5 Million 43.4 Million 2 Thousand
58%
6. Teddy Swims Lose Control 18.3 Million 48.8 Million 3.5 Thousand
58%
8. Gracie Abrams That's So True 19.7 Million 24.7 Million 2 Thousand
58%
7. Kendrick Lamar, SZA Luther 20.7 Million 20.3 Million 1 Thousand
50%
15. The Weeknd, Playboi Carti Timeless 13.9 Million 29 Million 0.4 Thousand
50%
11. Kendrick Lamar, Lefty Gunplay TV Off 19 Million 18.1 Million 1 Thousand
50%
13. Morgan Wallen Love Somebody 14.6 Million 36.1 Million 3 Thousand
42%
12. Sabrina Carpenter Taste 11.8 Million 54.9 Million 1 Thousand
42%
4. Morgan Wallen Smile 24.8 Million 2.8 Million 7.5 Thousand
17%
No matching quizzes found
Score Distribution
Percent of People with Each Score
Percentile by Number Answered
Your Score History
You have not taken this quiz